People born each year 1800-1825 - Statistics

General Stats
  • This quiz has been taken 39 times
  • The average score is 11 of 26
Answer Stats
Picture Hint Answer % Correct
1809 Abraham Lincoln
100%
1819 Queen Victoria
97%
1818 Karl Marx
90%
1822 Ulysses S. Grant
86%
1812 Charles Dickens
62%
1820 Florence Nightingale
55%
1804 Franklin Pierce
55%
1815 Otto von Bismarck
52%
1800 Millard Fillmore
48%
1824 Stonewall Jackson
48%
1821 Fyodor Dostoevsky
41%
1813 Richard Wagner
41%
1810 Frédéric Chopin
34%
1807 Robert E. Lee
34%
1802 Victor Hugo
34%
1808 Napoleon III
31%
1811 Franz Liszt
28%
1806 Benito Juárez
21%
1816 Charlotte Brontë
21%
1817 Henry David Thoreau
21%
1803 Ralph Waldo Emerson
21%
1801 John Henry Newman
14%
1823 Alfred Russel Wallace
7%
1814 Samuel Colt
7%
1805 H.C. Andersen
3%
1825 Mary Jane Holmes
0%
No matching quizzes found
Score Distribution
Percent of People with Each Score
Percentile by Number Answered
Your Score History
You have not taken this quiz